| 000 | 00368nam a2200133Ia 4500 | ||
|---|---|---|---|
| 008 | 211109s9999||||xx |||||||||||||| ||und|| | ||
| 082 |
_a592 _bBUC-A |
||
| 100 | _aBuchsbaum, Ralph | ||
| 245 | 0 | _aAnimals Without Backbones | |
| 260 |
_bUniversity of Chicago Press _aChicgo |
||
| 630 | _xGeneral stack | ||
| 650 |
_aNATURAL SCIENCE & MATHAMATICS _vZoology |
||
| 942 | _cBOOK | ||
| 999 |
_c81416 _d81416 |
||